[Event "GER-ch Net blitz qual1"]
[Site "Playchess.com INT"]
[Date "2020.03.07"]
[Round "4"]
[White "Kuhn, Robert"]
[Black "Jansen, Dirk Norbert"]
[Result "0-1"]
[WhiteElo "1778"]
[BlackElo "2149"]
[PlyCount "72"]
[EventDate "2020.03.07"]
[EventType "swiss (blitz)"]
[EventRounds "9"]
[EventCountry "GER"]
[SourceTitle "CBM 195 Extra"]
[Source "ChessBase"]
[SourceDate "2020.05.31"]
[SourceVersion "1"]
[SourceVersionDate "2020.05.31"]
[SourceQuality "1"]

1. d4 e6 2. Nf3 d5 3. g3 c5 4. Bg2 Nc6 5. 0-0 Nf6 6. c4 Be7 7. cxd5 exd5 8. Nc3 0-0 9. a3 cxd4 10. Nxd4 Bg4 11. h3 Be6 12. Bf4 Qd7 13. Kh2 Rad8 14. Rc1 Rfe8 15. b4 h6 16. Nxc6 bxc6 17. Na4 Bf5 18. Nc5 Bxc5 19. Rxc5 Be4 20. Qc1 Bxg2 21. Kxg2 Re6 22. e3 Ne4 23. Ra5 g5 24. f3 Nf6 25. Bxg5 hxg5 26. e4 Nh7 27. exd5 cxd5 28. Qd2 d4 29. Rc1 d3 30. Kg1 Re2 31. Rxg5+ Kf8 32. Qf4 Qd4+ 33. Qxd4 Rxd4 34. Rgc5 d2 35. Rc8+ Kg7 36. Rd1 Re1+ 0-1

[Event "GER-ch Net blitz qual1"]
[Site "Playchess.com INT"]
[Date "2020.03.07"]
[Round "2"]
[White "Kuhn, Robert"]
[Black "Wichmann, Cliff"]
[Result "0-1"]
[WhiteElo "1778"]
[BlackElo "2299"]
[PlyCount "56"]
[EventDate "2020.03.07"]
[EventType "swiss (blitz)"]
[EventRounds "9"]
[EventCountry "GER"]
[SourceTitle "CBM 195 Extra"]
[Source "ChessBase"]
[SourceDate "2020.05.31"]
[SourceVersion "1"]
[SourceVersionDate "2020.05.31"]
[SourceQuality "1"]

1. d4 d5 2. Nf3 Nf6 3. g3 e6 4. Bg2 Be7 5. 0-0 0-0 6. c4 dxc4 7. Ne5 c5 8. dxc5 Qc7 9. Nxc4 Qxc5 10. b3 Rd8 11. Qc2 Nc6 12. Be3 Qh5 13. h3 e5 14. Kh2 Ng4+ 15. Kg1 Nxe3 16. Nxe3 Bxh3 17. Bxc6 bxc6 18. Re1 Rd6 19. Nd2 Rh6 20. Qe4 Bc5 21. Ndc4 Be6 22. Qg2 Qg5 23. Qxc6 Rc8 24. Qf3 Bxc4 25. Nxc4 Rf6 26. Qb7 Qxg3+ 27. Qg2 Bxf2+ 28. Kh1 Rh6+ 0-1